| 000 | 00630nam a2200205 a 4500 | ||
|---|---|---|---|
| 005 | 20240215063619.0 | ||
| 008 | 991125s1973 bar 000 0 spa u | ||
| 035 | _aUPN01000020374 | ||
| 049 | _aCG | ||
| 050 | 4 |
_aBD162 _bB3.38 |
|
| 100 | 1 | _aBlanché, Robert | |
| 245 | 1 | 3 |
_aLa epistemología / _cpor Robert Blanché ; tr. A. Giralt Pont. |
| 260 |
_aBarcelona, (Esp.) : _bOikos - Tau, _c1973. |
||
| 300 | _a120 p. | ||
| 440 | 1 |
_aÿ qué sé? ; _v91 |
|
| 590 | _a(También localizas un ejemplar en el "Area de Reserva") | ||
| 590 | _aBibliografía Básica (BGTQ) | ||
| 650 | 4 |
_aTeoría del conocimiento _91707 |
|
| 905 | _aLibro | ||
| 999 |
_c20374 _d20374 |
||